04840nab a22008777 4500003000900000022001400009040001800023041000800041044000700049245003800056260004700094300004200141505001100183505005600194505001400250505006300264505008400327505005600411505005500467505006000522505007400582505006900656505006600725505003400791505004500825505008300870505008300953505004201036505010101078505002601179505006501205505008501270505002701355505006001382505002801442505007501470505003101545505009101576505002401667505010001691505005001791505003001841505008701871505002701958505005801985505003702043505012102080505002202201505008202223505005502305505015002360505004802510505008802558505008902646505005702735505010002792505010802892505010803000505002203108505012103130505006703251505004303318505007103361505005903432505003603491505005203527505007703579650003203656773007503688908000803763942001303771945001503784980004903799999001703848952009703865AR-RoUNA a0327-9022 aAR-RoUNAbspa aspa aag aSumma+ /bSustentabilidad y Reuso aBuenos Aires (Argentina):cDonn SA,b1993. a144 p. :bil. byn.bplanosc34X25 cm.0 tINDICE0 aMartín Di Peco / Costumbre y acontecimiento. p. 10 tCARTELERA0 aSistema Plug-in de Casas Patio, Beijing, China, 2014. p. 40 aDepósito de las especies langarita-navarro arqs, Madrid, España, 2011. p. 40 aGranja de Nubes en Atacama. Z4Z4, Chile, 2013. p. 50 a25 Green, Luciana Pia, Turín, Italia, 2012. p. 50 aWaste to Energy Plant, Roskilde, Dinarmarca, 2014. p. 60 aBarcaza medusa / Studiomobile, Universidad de Florencia, Italia. p. 60 aWarja Water, Etiopía, 2015 - Italia, 2015 - Libano, 2014. p. 70 aFolly for a flyover Assemble, Londres, Inglaterra, 2011. p. 70 tSUSTENTABILIDAD - GRAN ESCALA0 aMartín Di Peco / Razones de peso. p. 80 tSENSATEZ, FLEXIBILIDAD, IDENTIDAD - Aleros, Parasoles y una cubierta ondulante0 aFoster + Partners / Casa de Gobierno de la Ciudad de Buenos Aires, 2015. p. 100 tMONOLITO POROSO DE PARTES ELEMENTALES0 aAnacleto Angelini / Elemental - Centro de innovación UC, Santiago de Chile, Chile, 2014. p. 200 tDENSO VERDE EN ALTURA0 aBoeri Studio / Bosque vertical, Milán, Italia, 2013. p. 300 aConztanza Chiozza e Inés Molinari / Transformaciones Infraestructurales. p. 400 tGEMELOS VOLUMÉTRICOS0 aLacaton & Vassal / Frac Dunkerque, Francia, 2013. p. 420 tREGENERACIÓN MATERIAL0 aSuperlimäo Studio / Proyecto Marilia, San Pablo, Brasil, 2014. p. 500 tCORRESPONDENCIA PROGRAMADA0 aAT103 / Havre 69 Reurbano, Colonia Juárez, Ciudad de México, México, 2013. p. 580 tABRAZAR LA HISTORIA0 aL + F Arquitectos / Polo Lambaré 818, Almagro, Ciudad Autónoma de Buenos Aires, 2014. p. 650 tDOMÉSTICA Y DIDÁCTICA - Valeria Matayoshi0 tENVOLVENTE MULTIFUNCIONAL0 aBaag / Casa Scout, Buenos Aires Arquitectura Grupal, Niceto Vega 4777, 2014. p. 700 tLABORATORIO DE PRUEBAS0 aChrofi / Mona Vale House, NSW, Australia, 2008. p. 760 tCONSTRUCCIÓN Y CAPACITACIÓN 0 aComuna Yerbas del Paraíso Hostal, Centro de Meditación y Capacitación / Puerto Paraíso Misiones, 2011. p. 820 tECOLOGÍA SOCIAL0 aCristina Xavier / Villa Taguaí, Carapicuiba, San Pablo, Brasil, 2010. p. 880 tPROYECTO DEMOSTRATIVO DE EDIFICACIÓN SUSTENTABLE0 aSilvia de Schiller y John Martin Evans / Nueva terminal de pasajeros, Aeropuerto ecológico Seymour en Baltra, Islas Galápagos, Ecuador. p. 940 tEL EJERCICIO DE LA LIBERTAD - Bruno Stagno 0 aBac Rohrmoser / Banco de América Cenral BAC, San José, Costa Rica, 1999. p. 1000 aBac Curridabat / Banco de América Cenral BAC, San José, Costa Rica, 1995. p. 1020 tSINCRONIZANDO LOS RELOJES MODERNOS - Ruth Verde Zein0 aLatin America in Construcion: Architecture 1955-1980, 29 de marzo al 19 de Julio de 2015. p.1050 aJoan and Preston Robert Tisch Exhibition Gallery, Sexto Piso: Museo de Arte Moderno, Nueva York. p. 1050 tEXPOSICIÓN ¨LATIN AMERICA IN CONSTRUCCION, 1955-1980¨: PRIMERAS REFLEXIONES - Fernando Diez. p. 1120 tRE - ACTOR URBANO0 aHusos / Prototipo de Edificio para un Campus Tecno - Botánico, Universidad del Valle, Cali, Colombia, 2014. p. 1180 tMONTEVIDEO. LA RAMBLA EN PAPEL - Ignacio Ros de Olano . p. 1230 tBORGES, LAZARILLO DE PORTEÑOS CIEGOS0 aRafael E. J. Iglesia / A la búsqueda de la ciudad vivida. p. 1240 tÉFESO, EL FUEGO Y LA HISTORIA - Mario Sabugo. p. 1260 tUTOPÍA TÉCNICA Y MODERNIDAD0 aRoberto Fernández / El caso Bernardes. p. 1270 tES HORA DE ACERCAR LA PRÁCTICA AL DISCURO - Fernando Luiz Lara. p. 128 2Arquitectura conteporánea0 aSumma+dBuenos Aires, ArgentinagNº145 (sep, 2015), p. 128x0327-9022 aImp 2udccART d2022-07-08 6138aCarolina Rainero8138gCarolina Rainero c12299d12299 00102udc4070aAR-RoUNAbAR-RoUNAd2025-12-09l0p1002888r2025-12-09w2025-12-09yARTkx